[Event "Bhopal GM Open 2019"]
[Site "Bhopal"]
[Date "2019.12.23"]
[Round "4.18"]
[White "Sri Sai Baswanth P"]
[Black "Medhansh Saxena"]
[Result "1/2-1/2"]
[WhiteElo "2027"]
[BlackElo "1628"]
[Annotator "NA RC"]
[PlyCount "73"]
[EventDate "2019.12.21"]
[EventType "swiss"]
[EventCountry "IND"]
[SourceTitle "playchess.com"]
[Source "ChessBase"]
[SourceQuality "1"]
[TimeControl "5400+30"]

{[%evp 10,73,8,-20,-19,-22,32767,32767,-18,-14,23,33,32767,32767,34,26,38,31,29,6,32,18,25,0,10,40,4,13,38,32,268,249,250,-28,140,72,77,0,0,-25,268,-70,-22,-36,-53,-52,-63,-75,-19,-33,-27,-43,-21,-25,0,-20,-8,-8,-18,-50,-45,-128,-150,-133,-136,-141]} 1. f4 {[%emt 0:00:00]} d5 {[%emt 0:00:17]} 2. Nf3 {[%emt 0:00:00]} c5 {[%emt 0:00:23]} 3. g3 {[%emt 0:00:06]} Nc6 {[%emt 0:00:05]} 4. Bg2 {[%emt 0:00:04]} Nf6 {[%emt 0:00:11]} 5. d3 {[%emt 0:00:08]} g6 {[%emt 0:06:57]} 6. c3 {[%emt 0:00:09]} Bg7 {[%emt 0:00:06]} 7. O-O {[%emt 0:00:06]} O-O {[%emt 0:00:04]} 8. Na3 {[%emt 0:00:33]} Re8 {[%emt 0:03:54] A03: Bird's Opening with 1...d5} (8... Rb8 9. Ne5 Nxe5 10. fxe5 Ne8 11. d4 cxd4 12. Qxd4 Be6 13. Rd1 Qa5 14. Bg5 f6 15. Be3 fxe5 16. Qxa7 Qd8 17. Bxd5 Bxd5 {1-0 (61) Maghsoodloo,P (2656)-Vaibhav,S (2591) Zuerich 2019}) 9. Qc2 {[%emt 0:01:21]} e6 $146 {[%emt 0:12:55]} ({Predecessor:} 9... a6 10. e4 e5 11. Nxe5 Nxe5 12. fxe5 Rxe5 13. Bf4 Re8 14. Rfe1 Be6 15. Rad1 b5 16. c4 dxc4 17. dxc4 {0-1 (61) Rozic,S (2208)-Suta,A (2278) Slovenia 2019}) 10. e4 {[%emt 0:00:11]} b6 {[%emt 0:04:24]} 11. e5 {[%emt 0:04:20]} Nd7 $1 {[%emt 0:01:55]} 12. Nb5 {[%emt 0:00:07]} Bf8 {[%emt 0:00:35]} 13. c4 {[%emt 0:04:35]} Bb7 {[%emt 0:03:40]} 14. Nc3 {[%emt 0:02:35]} Be7 {[%emt 0:11:44]} 15. Qe2 {[%emt 0:01:45]} Nf8 {[%emt 0:02:06]} 16. g4 {[%emt 0:05:33]} f6 {[%emt 0:03:33]} 17. f5 {[%emt 0:02:34]} dxc4 {[%emt 0:01:23]} 18. dxc4 {[%emt 0:00:13]} exf5 {[%emt 0:13:23]} 19. gxf5 {[%emt 0:00:18]} Nxe5 $2 {[%emt 0:16:28]} (19... gxf5 $11 {and Black has nothing to worry.} 20. Bh6 Ng6) 20. Nxe5 {[%emt 0:01:08]} Bxg2 {[%emt 0:00:02]} 21. Kxg2 $2 {[%emt 0:00:38]} (21. Qxg2 $18 Qd4+ {[%mdl 64] Double Attack} 22. Kh1 Qxe5 23. Bh6) 21... fxe5 $2 {[%emt 0:00:01] [#]} (21... Bd6 $1 $15) 22. Nd5 {[%emt 0:00:25]} ({Inferior is} 22. Qxe5 Bf6 $11) (22. Qg4 $142 $1) 22... gxf5 {[%emt 0:01:29]} 23. Qxe5 {[%emt 0:03:02]} (23. Rxf5 $16 Ng6 24. Kh1) 23... Ng6 {[%emt 0:03:14]} 24. Qe6+ {[%emt 0:00:34]} (24. Qc3 $5 {[%cal Rc1h6]} Bd6 25. Nf6+ {[%mdl 64] Double Attack} Kh8 26. Ng4+ (26. Nxe8+ Be5 $15) 26... Be5 27. Nxe5 Rxe5 28. Rxf5 $11) 24... Kg7 $2 {[%emt 0:00:58]} (24... Kh8 $15 25. Kh1 Bd6 26. Qxf5 Rf8) 25. Kg1 $2 {[%emt 0:04:29]} (25. Rxf5 $18 Bh4 26. Rf7+ (26. Qf7+ Kh8 $18) 26... Kh8 27. Qg4) 25... Bd6 $1 {[%emt 0:01:50]} 26. Qxf5 {[%emt 0:00:06]} Rf8 $1 {[%emt 0:00:48]} 27. Qh3 {[%emt 0:00:37]} Rxf1+ {[%emt 0:04:29]} 28. Kxf1 {[%emt 0:00:16]} Qh4 {[%emt 0:02:35]} 29. Qxh4 {[%emt 0:03:18]} Nxh4 {[%emt 0:00:02]} 30. Bd2 {[%emt 0:01:07]} Rf8+ {[%emt 0:00:32]} 31. Ke2 {[%emt 0:00:07]} Ng6 {[%emt 0:01:16]} 32. h4 {[%emt 0:03:45]} Re8+ {[%emt 0:00:46]} 33. Kd3 {[%emt 0:00:13]} Ne5+ {[%emt 0:01:32]} 34. Kc3 {[%emt 0:09:18]} Nf3 {[%emt 0:00:26]} 35. h5 {[%emt 0:00:52]} ({Better is} 35. Kd3 $15) 35... Be5+ {[%emt 0:01:00]} 36. Kc2 $17 {[%emt 0:02:00]} Nxd2 {[%emt 0:00:42]} 37. Rg1+ {[%emt 0:00:35]} 1/2-1/2

[Event "Bhopal GM Open 2019"]
[Site "Bhopal"]
[Date "2019.12.23"]
[Round "4.19"]
[White "Lund Rachit"]
[Black "Anadkat Kartavya"]
[Result "0-1"]
[WhiteElo "1625"]
[BlackElo "2023"]
[Annotator "NA RC"]
[PlyCount "98"]
[EventDate "2019.12.21"]
[EventType "swiss"]
[EventCountry "IND"]
[SourceTitle "playchess.com"]
[Source "ChessBase"]
[SourceQuality "1"]
[TimeControl "5400+30"]

{[%evp 13,85,42,48,-10,0,-29,-5,-27,-22,-103,-75,-132,-57,-191,-174,-207,-179,-189,-178,-219,-221,-230,-120,-228,-161,-180,-187,-222,-219,-221,-209,-214,-201,32767,-201,32767,32767,32767,32767,32767,32767,-240,-235,-284,-272,-290,-230,-284,-300,-290,-295,-276,-300,-312,-296,-300,-308,-292,-263,-260,-257,-249,-245,-369,-292,-303,-312,-300,-286,-343,-330,-481,-516,-818]} 1. e4 {[%emt 0:00:08]} e5 {[%emt 0:00:00]} 2. Nf3 {[%emt 0:00:14]} Nc6 {[%emt 0:00:00]} 3. Bc4 {[%emt 0:00:07]} Bc5 {[%emt 0:00:00]} 4. O-O {[%emt 0:00:21]} Nf6 {[%emt 0:00:03]} 5. d3 {[%emt 0:00:19]} O-O {[%emt 0:00:10]} 6. c3 {[%emt 0:00:21]} d5 {[%emt 0:02:40]} 7. exd5 {[%emt 0:01:00]} Nxd5 {[%emt 0:00:02]} 8. b4 {[%emt 0:04:35]} Be7 {[%emt 0:00:01] C54: Giuoco Piano: 4 c3 Nf6, main lines with 5 d4 and 5 d3} (8... Bb6 9. h3 f6 10. Bxd5+ Qxd5 11. c4 Qf7 12. c5 Nxb4 13. cxb6 axb6 14. Ba3 c5 15. Bxb4 cxb4 16. Nbd2 Rxa2 17. Rxa2 Qxa2 {1-0 (49) Li,C (2720)-Ganguly,S (2640) Fufeng 2017}) 9. h3 {[%emt 0:16:42]} Bf5 {[%emt 0:04:14]} 10. Bb3 {[%emt 0:14:10]} Bf6 {[%emt 0:02:30]} 11. Bc2 {[%emt 0:06:43]} (11. Re1 $15) 11... Qd7 $146 {[%emt 0:03:35]} ({Predecessor:} 11... Re8 12. Re1 h6 13. Nfd2 e4 14. dxe4 Nxc3 15. Nxc3 Bxc3 16. Rb1 Nxb4 {½-½ (31) Shome,S (2148)-Sai Agni,J (2373) Novi Sad 2018}) 12. b5 {[%emt 0:13:05]} Nd8 {[%emt 0:01:51]} ({Better is} 12... Nce7 $17 13. a4 Ng6) 13. Ng5 {[%emt 0:18:11] [#]} ({Better is} 13. Re1 $15) 13... Bxg5 $1 {[%emt 0:03:13]} 14. Bxg5 {[%emt 0:01:06]} Ne6 {[%emt 0:00:04]} ({Don't do} 14... Qxb5 15. Qf3 $17) 15. Be3 {[%emt 0:01:01]} Ndf4 {[%emt 0:01:01]} ({Don't take} 15... Qxb5 16. c4 $17) 16. d4 {[%emt 0:12:07]} Bxc2 {[%emt 0:01:33]} 17. Qxc2 {[%emt 0:00:01]} exd4 {[%emt 0:00:23]} (17... Qd5 $19 {[%csl Gf4][%cal Rd5g2]} 18. f3 exd4 19. cxd4 Nxd4) 18. cxd4 {[%emt 0:02:00]} (18. Qd2 $17 {was necessary.} Nd5 19. cxd4) 18... Nxd4 {[%emt 0:01:23]} 19. Qc4 {[%emt 0:00:29]} Nfe2+ {[%emt 0:02:10]} 20. Kh1 {[%emt 0:01:09]} Qxb5 {[%emt 0:02:14]} 21. Qxb5 {[%emt 0:00:04]} Nxb5 {[%emt 0:00:02]} 22. a4 {[%emt 0:02:00]} Nbd4 {[%emt 0:01:11]} 23. Ra2 {[%emt 0:00:57]} Rfe8 {[%emt 0:02:39]} 24. Rd2 {[%emt 0:01:25]} Rxe3 {[%emt 0:00:44]} 25. fxe3 {[%emt 0:00:05]} Ng3+ {[%emt 0:00:02]} 26. Kg1 {[%emt 0:00:24]} Nxf1 {[%emt 0:00:22]} 27. Rxd4 {[%emt 0:02:00]} Nxe3 28. g4 {[%emt 0:01:00]} c6 {[%emt 0:01:02]} 29. Nc3 {[%emt 0:00:41]} Kf8 {[%emt 0:02:54]} 30. Rd7 {[%emt 0:00:32]} Rb8 {[%emt 0:01:20]} 31. Ne4 {[%emt 0:00:20]} Nc4 {[%emt 0:01:09]} 32. Rc7 {[%emt 0:01:15]} Ne5 {[%emt 0:02:53]} 33. Nd6 {[%emt 0:00:47]} b5 {[%emt 0:01:05]} 34. axb5 {[%emt 0:00:35]} cxb5 {[%emt 0:00:03]} 35. Rc5 {[%emt 0:00:33]} Nd7 {[%emt 0:07:21]} 36. Rf5 {[%emt 0:00:55]} f6 {[%emt 0:07:42]} 37. Nxb5 {[%emt 0:00:17]} a5 {[%emt 0:01:02]} 38. Nc3 {[%emt 0:00:40]} (38. Rd5 {is a better defense.}) 38... Rc8 {[%emt 0:02:33]} 39. Ne4 {[%emt 0:00:36]} Rc4 {[%emt 0:00:19]} 40. Nd6 {[%emt 0:00:23]} Rc1+ {[%emt 0:02:20]} 41. Kf2 {[%emt 0:00:32]} Ke7 {[%emt 0:01:01]} 42. Nb7 {[%emt 0:00:36]} (42. Rd5 {was worth a try.} Ke6 43. Rd4) 42... Ne5 {[%emt 0:00:21]} 43. g5 $19 {[%emt 0:00:27]} (43. Ke2 $142 a4 44. Rf4 Rc2+ 45. Ke3) 43... a4 {[%emt 0:03:23]} 44. gxf6+ {[%emt 0:00:23]} gxf6 {[%emt 0:00:01]} 45. Na5 {[%emt 0:00:42]} a3 {[%emt 0:00:20]} 46. Rh5 {[%emt 0:00:30]} a2 {[%emt 0:00:23]} 47. Rxh7+ {[%emt 0:00:07]} Nf7 {[%emt 0:00:02]} 48. Nb3 {[%emt 0:00:15]} Rb1 {[%emt 0:00:18]} 49. Rh4 {[%emt 0:00:24]} Rb2+ 0-1

[Event "Bhopal GM Open 2019"]
[Site "Bhopal"]
[Date "2019.12.23"]
[Round "4.20"]
[White "Pranav Vijay"]
[Black "Aditya Rawat"]
[Result "1-0"]
[WhiteElo "2265"]
[BlackElo "1600"]
[Annotator "TA"]
[PlyCount "125"]
[EventDate "2019.12.21"]
[EventType "swiss"]
[EventCountry "IND"]
[SourceTitle "playchess.com"]
[Source "ChessBase"]
[SourceQuality "1"]

{[%evp 9,125,69,69,58,52,-24,23,18,26,26,24,35,41,27,27,18,16,13,27,28,20,0,8,8,8,8,10,8,41,55,74,64,84,80,88,41,60,14,54,-11,35,-35,-40,-35,-31,-34,-38,-54,-37,-49,-10,-36,-31,-57,-10,-48,-35,-59,-49,-66,-51,-65,-59,-74,-79,-76,-50,-216,-216,-206,-228,-262,-253,-313,-312,-289,-114,-174,-176,-166,0,0,0,0,0,0,172,172,170,170,167,167,164,150,216,191,202,210,489,481,470,424,610,602,576,568,568,558,479,488,606,567,29990,603,29991,29992,29990,29991]} 1. e4 d5 2. exd5 Nf6 3. d4 Bg4 4. f3 Bf5 5. c4 e6 6. Nc3 {B01: Scandinavian Defence} (6. dxe6 Nc6 7. exf7+ Kxf7 8. Be3 Bb4+ 9. Kf2 Re8 10. Nc3 Rxe3 11. Kxe3 Nxd4 12. Kf2 Bc5 13. Na4 Bc2 14. Nxc5 Bxd1 15. Rxd1 {0-1 (25) Vaibhav,S (2542)-Carlsen,M (2834) chess.com INT 2018}) 6... exd5 7. c5 ({White should play} 7. g4 $1 $14 Bg6 8. g5) 7... Nc6 8. Bb5 {White has an edge.} Be7 9. Nge2 O-O 10. O-O Nb8 11. Be3 $146 (11. Re1 {is interesting.} c6 12. Ba4 b6 13. Be3 Re8 14. Bf2) ({Predecessor:} 11. Ng3 Bg6 12. f4 h6 13. f5 Bh7 {½-½ (36) Ackermann,H (1816)-Maly,J (1666) Hanerau 2015}) 11... c6 12. Bd3 (12. Ba4 {with more complications.} Re8 13. Qd2 Na6 14. Rae1 h6 15. Bf2) 12... Bxd3 13. Qxd3 a5 14. Na4 Nfd7 15. a3 b5 16. Nac3 $36 {[%mdl 2048] White has the initiative.} Na6 17. Rae1 Nf6 18. Ng3 Qd7 19. Nf5 {Strongly threatening Bh6.} Bd8 20. Bf4 Nc7 21. Be5 Ne6 22. Ne2 Ne8 23. Bg3 Bc7 24. Bh4 (24. Qe3 $14) 24... f6 25. Bf2 (25. f4 $14) 25... g6 $15 26. Ne3 f5 27. Nc2 N8g7 28. Qd2 g5 29. Nc1 Nf4 30. Be3 h6 31. Kh1 Ngh5 32. Bf2 (32. Bxf4 $5 Bxf4 33. Ne3 $11) 32... Kh7 33. Ne3 Rae8 34. Nd1 Rxe1 35. Bxe1 Qg7 36. g3 Ne6 37. Bf2 g4 38. Re1 $2 {[#]} ({White should try} 38. Qe2 $1 $15 Re8 39. Qc2) 38... Ng5 $1 $19 {[%cal Rg5f3]} 39. fxg4 fxg4 40. Re3 Nf6 41. Nd3 Nfe4 42. Qe2 Nh3 $2 {[#]} ({Less strong is} 42... Qxd4 43. Qxg4 Qf6 44. Qe2 $17) (42... Ne6 $19 {has better winning chances.} 43. Rxe4 dxe4 44. Qxe4+ Qg6) 43. Kg2 (43. Be1 $17) 43... Qg6 ({Weaker is} 43... Qxd4 44. Qxg4 Nhxf2 45. N3xf2 $11) 44. Be1 Qh5 $2 (44... h5 $19 45. N1f2 Nhg5 46. Nxe4 dxe4) 45. N1f2 $11 Nhxf2 46. Nxf2 Nxf2 47. Bxf2 {Hoping for Re6.} Qf5 $2 (47... Kg7 $11 {and Black stays safe.}) 48. Re7+ $18 Rf7 49. Rxf7+ Qxf7 50. Qxg4 Bd8 51. b3 Bg5 (51... Bf6 $16 52. h4 Qg6 53. Qxg6+ Kxg6) 52. a4 b4 53. h4 ({But not} 53. Qc8 $6 Qg6 $16) 53... Bd2 $2 (53... Bf6 54. Qf4 Qe6) 54. Qe2 Bc3 55. g4 Qf4 (55... h5 $142 56. gxh5 Qg7+ 57. Kh3 Qf7) 56. Qf3 Qd2 57. Qf7+ Kh8 58. Qf6+ Kh7 59. g5 hxg5 60. hxg5 Qc2 61. Qf7+ Kh8 {intending ...Bxd4.} 62. g6 {[%csl Gg6][%cal Rf7h7]} Qe4+ 63. Kh2 {Accuracy: White = 49%, Black = 50%.} 1-0

[Event "Bhopal GM Open 2019"]
[Site "Bhopal"]
[Date "2019.12.24"]
[Round "5.1"]
[White "Taher, Yoseph Theolifus"]
[Black "Bogdanovich, Stanislav"]
[Result "0-1"]
[WhiteElo "2469"]
[BlackElo "2562"]
[Annotator "TA"]
[PlyCount "72"]
[EventDate "2019.12.21"]
[EventType "swiss"]
[EventCountry "IND"]
[SourceTitle "playchess.com"]
[Source "ChessBase"]
[SourceQuality "1"]

{[%evp 25,96,14,12,9,7,8,18,14,0,-28,-41,-24,-12,-54,-33,-43,-26,-33,-27,-77,-77,-74,-75,-89,-89,-89,-89,-89,-89,-99,-91,-95,-93,-98,-92,-92,-95,-90,-95,-122,-116,-330,-313,-327,-308,-316,-327,-332,-324,-357,-349,-331,-327,-387,-363,-326,-243,-587,-576,-457,-470,-947,-941,-897,-790,-1124,-1126,-29982,-29983,-29981,-29977,-29990,-29989]} 1. d4 Nf6 2. c4 e6 3. g3 Bb4+ 4. Bd2 Qe7 5. Bg2 Nc6 6. Nf3 Bxd2+ 7. Nbxd2 d6 8. e4 O-O 9. O-O e5 10. d5 Nb8 11. Ne1 a5 12. Nd3 Na6 13. a3 Bg4 14. f3 {E11: Bogo-Indian} Bd7 15. b4 c6 16. bxa5 {The position is equal.} Qd8 17. dxc6 Bxc6 18. Nb3 $146 ({Predecessor:} 18. Nb4 Qxa5 19. Qb3 Qc5+ 20. Kh1 Qd4 21. Qd3 Qxd3 22. Nxd3 {½-½ (96) Gasthofer,A (2450)-Ikonnikov,V (2570) Germany 2009}) 18... Ba4 19. Qb1 Qc7 20. Rc1 b6 21. Nd2 bxa5 22. Qb2 Nc5 23. Qc3 Nfd7 24. Bh3 Nxd3 25. Qxd3 Qa7+ 26. Kh1 Nc5 27. Qc3 Rab8 28. Rab1 g6 29. Qe3 Kg7 30. Qc3 h5 31. f4 f6 32. f5 Bc6 33. Qf3 $2 (33. Bg2 $17 {is a better defense.}) 33... Rxb1 $19 34. Rxb1 Rb8 35. Rf1 {[#] White wants to play fxg6.} Rb3 $1 {[%cal Rb3f3][%mdl 512]} 36. Qf2 ({But not} 36. Nxb3 Bxe4 37. Nd2 Bxf3+ 38. Nxf3 g5 $19) 36... Qb7 {Played: Rb3-b2} 0-1

[Event "Bhopal GM Open 2019"]
[Site "Bhopal"]
[Date "2019.12.24"]
[Round "5.2"]
[White "Venkatesh, M.R."]
[Black "Nguyen, Van Huy"]
[Result "1-0"]
[WhiteElo "2491"]
[BlackElo "2457"]
[Annotator "TA"]
[PlyCount "81"]
[EventDate "2019.12.21"]
[EventType "swiss"]
[EventCountry "IND"]
[SourceTitle "playchess.com"]
[Source "ChessBase"]
[SourceQuality "1"]

{[%evp 27,81,31,74,24,32,-15,0,0,0,0,74,73,87,33,39,37,57,65,124,101,97,80,82,40,36,6,447,364,543,539,712,701,785,385,669,479,29981,29982,29982,29983,29987,29988,29988,29989,29988,29986,29986,29987,29987,29988,29988,29989,29989,29986,29986,29987]} 1. e4 c6 2. Nc3 d5 3. Nf3 Bg4 4. h3 Bh5 5. exd5 cxd5 6. g4 Bg6 7. Bb5+ Nc6 8. Ne5 Rc8 9. d4 e6 10. Qe2 Bb4 11. h4 Nge7 12. h5 Be4 13. f3 O-O 14. Nxc6 ({Predecessor:} 14. Bxc6 Nxc6 15. Nxc6 {½-½ (43) Litvinov,M (2397)-Vunder,A (2192) St Petersburg 2015}) 14... Nxc6 15. Bxc6 {B11: Caro-Kann: Two Knights Variation} ({But not} 15. fxe4 $2 Nxd4 16. Qd3 dxe4 $19) 15... Rxc6 16. Kf2 Bxc3 17. bxc3 {The position is equal.} Rxc3 18. fxe4 Qc7 $146 (18... dxe4 $11 19. Qxe4 f5) (18... dxe4 19. Qxe4 f5 20. gxf5 Rxf5+ {1-0 (39) Mamedov,R (2703)-Margvelashvili,G (2530) chess.com INT 2019}) 19. e5 $16 f6 {[#]} 20. Bd2 ({Better is} 20. Ke1 $1 $16) 20... fxe5+ $14 21. Kg2 Rcf3 {And now ...e4 would win.} 22. dxe5 Rf2+ (22... Qxc2 $14 23. Raf1 Rxf1 24. Rxf1 Rxf1 25. Kxf1 Qxa2) 23. Qxf2 $16 Rxf2+ 24. Kxf2 Qxc2 25. Rhd1 {Hoping for Rac1.} h6 26. Rac1 Qe4 $2 {[%mdl 8192] [#]} (26... Qxa2 $11 {and Black has nothing to worry.} 27. Kg3 b5) 27. Kg3 $1 $18 Qd3+ (27... d4 {might work better.} 28. Bf4 b5) 28. Kh4 Qe2 {[%cal Re2h2]} 29. Bf4 Qxa2 30. Rc7 (30. Bg3 $142 Kh7 31. Ra1) 30... b5 $2 (30... Qe2) 31. Rdc1 b4 (31... Kh7 $18 32. Re7 Qf2+ 33. Bg3 Qe3) 32. R7c2 {White mates.} Qa3 {[#]} 33. Bxh6 $1 {[%mdl 512]} Qf3 {[#]} (33... gxh6 34. Rc8+) 34. Bxg7 $1 {[%mdl 512]} b3 (34... Kxg7 35. Rc7+) 35. Rc8+ ({Inferior is} 35. Rc7 b2 $11) 35... Kh7 36. R1c7 {[%csl Gg7][%cal Rc8h8]} Qf2+ 37. Kg5 {[%csl Gg7][%cal Rc8h8]} Qe3+ 38. Kf6 {[%csl Gg7][%cal Rc8h8]} Qf4+ 39. Ke7 Kxg7 40. Kxe6+ {[%mdl 64] Discovered Attack} Kh6 41. Rg8 {Accuracy: White = 58%, Black = 33%.} 1-0

[Event "Bhopal GM Open 2019"]
[Site "Bhopal"]
[Date "2019.12.24"]
[Round "5.3"]
[White "Tiwari Shivansh"]
[Black "Nigmatov, Ortik"]
[Result "1-0"]
[WhiteElo "1770"]
[BlackElo "2474"]
[Annotator "TA"]
[PlyCount "121"]
[EventDate "2019.12.21"]
[EventType "swiss"]
[EventCountry "IND"]
[SourceTitle "playchess.com"]
[Source "ChessBase"]
[SourceQuality "1"]

{[%evp 9,121,37,35,-17,31,31,28,34,71,85,75,67,104,106,110,108,110,85,83,86,96,87,91,89,81,83,121,85,85,45,73,71,67,20,20,0,0,0,0,-56,-44,-51,-68,-85,-60,-91,0,-103,0,0,0,0,113,110,101,104,157,175,165,108,199,191,184,195,220,218,312,312,311,286,316,312,323,320,297,14,47,8,601,576,901,900,787,624,1017,660,1804,937,908,877,822,487,2579,361,1001,355,401,387,29978,29979,29979,29980,29980,29981,29981,29982,29982,29982,29982,29982,29981,29981,29994,29995]} 1. d4 g6 2. Bf4 Bg7 3. Nc3 d6 4. Qd2 (4. e4 a6 5. Qd2 b5 6. Nf3 Bb7 7. Bd3 Nd7 8. O-O c5 9. dxc5 Nxc5 10. b4 Nxd3 11. cxd3 Nf6 12. Bh6 {0-1 (41) Demchenko,A (2679)-Petrosian,T (2598) St Petersburg 2018}) 4... Nd7 5. Nf3 c5 6. d5 {A40: Unusual replies to 1 d4} (6. e4 $14) 6... Qa5 $146 ({Predecessor:} 6... a6 7. a4 Ngf6 8. e4 O-O 9. Be2 Qb6 10. O-O {½-½ (35) McGann,G (2083)-Agnew,A (2092) England 2015}) 7. e4 Qb4 8. O-O-O {White has an edge.} Ngf6 9. a3 Qb6 {...Nxe4! is the strong threat.} 10. Re1 Ng4 11. h3 Nge5 12. Nxe5 dxe5 13. Bh6 Bxh6 14. Qxh6 Qf6 15. f3 a6 16. h4 b5 17. h5 Rf8 18. hxg6 hxg6 19. Qh4 Qd6 20. Rd1 c4 21. Nb1 Nc5 22. g3 a5 23. Qh6 Ba6 24. Be2 (24. Qe3 $11) 24... Rc8 25. Qe3 b4 26. f4 {[#]} c3 $1 {[%mdl 512]} 27. Bxa6 (27. bxc3 exf4) 27... Nxa6 (27... Qb6 $17 28. Rhe1 (28. Bxc8 $2 {loses.} Nb3+ {[%mdl 64] Discovered Attack, Promotion} 29. cxb3 Qxe3+ 30. Nd2 cxd2+ 31. Kb1 bxa3 $19) 28... bxa3 29. Qxc3 Nb3+ {[%mdl 64] Discovered Attack} 30. cxb3 Rxc3+ 31. Nxc3 Qxa6 32. bxa3 exf4 33. gxf4 Qf6) 28. fxe5 (28. bxc3 $11 bxa3 29. fxe5) 28... Qxe5 (28... cxb2+ $17 29. Kxb2 Qxe5+ 30. Rd4 f5 31. axb4 Nxb4) 29. bxc3 $11 bxa3 30. Qb6 a2 (30... Nc5 $11 {remains equal.} 31. Qb5+ Nd7 32. Qxa5 Qxg3) 31. Qb5+ $40 {[%mdl 128] White attacks with force.} Kd8 32. Qxa5+ {[%mdl 64] Double Attack} Nc7 ({Black should play} 32... Kd7) 33. Qxa2 Rb8 34. Rhe1 (34. c4 $18) 34... Rh8 (34... Qg5+ $16 {was called for.} 35. Nd2 Qxg3) 35. d6 $18 exd6 36. Qxf7 Kc8 37. Qxg6 Rf8 (37... Rb6 $142 38. Qf5+ Kb7) 38. Qxd6 (38. Rxd6 Rxb1+ 39. Kxb1 Qxc3 $11) 38... Qg5+ 39. Rd2 $1 Rf6 40. Qd7+ Kb7 41. e5 Rb6 42. e6 $2 ({White should try} 42. Qd3 $18) 42... Ka8 $11 {[%csl Gb8][%cal Rb6b1]} 43. Qa4+ (43. Na3 $5 {[%cal Re6e7]} Ra6 44. Qxc7 Rxa3 45. Qc6+ Rb7 46. Kd1 Ra1+ 47. Ke2 Qe5+ 48. Kf3 Qf6+ 49. Kg2 Rxe1 50. Qc8+ Ka7 51. Qc5+ Kb8 52. Rf2 Qxf2+ 53. Qxf2 Rxe6 54. Qf8+ Ka7 55. Qc8 $18) 43... Na6 $2 {[%mdl 8192]} (43... Ra6 $11 44. Qe4+ Rb7) 44. Na3 $18 {Hoping for e7.} Qc5 {And now ...Qxa3+! would win.} 45. Rd3 Qg5+ 46. Qf4 Qc5 47. Nc4 R6b7 48. Qe4 Qg5+ 49. Ree3 Nc5 50. Qe5 Qg4 {[#]} (50... Qxe5 $142 51. Rxe5 Nxd3+ 52. cxd3 Rg8) 51. Nd2 $2 (51. Qd5 $1 {White wants to mate with Nb6+.} Na6 52. Nd6 {[%mdl 64] Pin}) 51... Qa4 $2 (51... Nxd3+ 52. Rxd3 Qg7) 52. Kd1 $2 (52. Qxc5 Qa1+ {[#]} 53. Nb1 $1 {[%mdl 576] Clearance} Rxb1+ 54. Kd2 Rd1+ 55. Ke2 Re1+ 56. Kf2 Rf1+ 57. Kg2 Rg1+ 58. Kf3) 52... Qg4+ 53. Ke1 Rh7 $2 (53... Nxd3+ $18 54. cxd3 Qg7) 54. Qd5+ {White mates.} Rbb7 55. e7 Nxd3+ 56. cxd3 ({Stronger than} 56. Rxd3 Rhxe7+ 57. Kf2 Qe2+ 58. Kg1 Red7 $11) 56... Rhxe7 57. Rxe7 {[%csl Ge7][%cal Rd5b7]} Qxg3+ 58. Kd1 {[%csl Ge7][%cal Rd5b7]} Qg4+ 59. Nf3 {[%csl Ge7][%cal Rd5b7]} Qa4+ 60. Ke2 {[%csl Ge7][%cal Rd5b7]} Qa2+ 61. Qxa2+ {Accuracy: White = 49%, Black = 34%.} 1-0